[Event "AUTO-INT-633"]
[Site "http://www.queenalice.com/game.php?id=332792"]
[Date "2008.1.8"]
[Round "2"]
[White "lrmaster"]
[Black "valerie973"]
[Result "1-0"]
[WhiteElo "1911"]
[BlackElo "1598"]

1. e4 d5 2. exd5 Qxd5 3. Nc3 Qa5 4. Nf3 Bg4 5. h3 Bxf3 6. Qxf3 c6 7. Bd3 Nf6 8.
O-O Nbd7 9. Re1 e5 10. a3 h5 11. Qg3 O-O-O 12. Bf5 Bd6 13. Qxg7 h4 14. Qxf6 Kc7
15. Bxd7 Kxd7 16. Qxf7+ Kc8 17. Qf6 Bc5 18. Ne4 Rhf8 19. Qxh4 Rf4 20. Qg3 Rdf8
21. Nxc5 Qxc5 22. d4 Rxd4 23. Be3 1-0

[Event "Challenge"]
[Site "http://www.queenalice.com/game.php?id=355372"]
[Date "2008.2.16"]
[Round "-"]
[White "hendrik"]
[Black "valerie973"]
[Result "1-0"]
[WhiteElo "1870"]
[BlackElo "1592"]

1. e4 d5 2. exd5 Qxd5 3. Nc3 Qd8 4. d4 f5 5. Nf3 e6 6. Bc4 Bb4 7. O-O Bxc3 8.
bxc3 Nf6 9. Ng5 Qd6 10. Re1 Ne4 11. Qh5+ g6 12. Qh4 O-O 13. Qxh7# 1-0

[Event "Challenge"]
[Site "http://www.queenalice.com/game.php?id=355992"]
[Date "2008.2.17"]
[Round "-"]
[White "valerie973"]
[Black "hendrik"]
[Result "0-1"]
[WhiteElo "1564"]
[BlackElo "2176"]

1. d4 Nf6 2. Nc3 d5 3. Nf3 Nc6 4. Bf4 Bg4 5. h3 Bh5 6. e3 e6 7. Bd3 Bd6 8. g4
Bg6 9. a3 Qe7 10. Bxd6 cxd6 11. Bb5 Ne4 12. Nxe4 Bxe4 13. h4 O-O 14. Bd3 f5 15.
g5 Rac8 16. Qe2 e5 17. c3 Bxf3 18. Qxf3 e4 19. Qg3 exd3 20. f4 Qe4 21. Kd2 Nxd4
22. Raf1 Rfe8 23. Rh2 Nb3+ 24. Kd1 d4 25. Qg2 dxe3 0-1

[Event "Challenge"]
[Site "http://www.queenalice.com/game.php?id=356303"]
[Date "2008.2.18"]
[Round "-"]
[White "valerie973"]
[Black "Tlaloc2k"]
[Result "0-1"]
[WhiteElo "1564"]
[BlackElo "1479"]

1. d3 d5 2. Bf4 d4 3. c3 Nc6 4. Nf3 Bg4 5. Nbd2 dxc3 6. bxc3 e6 7. Ne5 Nxe5 8.
Bxe5 Bh5 9. g3 Qd5 10. Qa4+ c6 11. Qe4 Bg6 12. Qxd5 cxd5 13. e4 f6 14. Bc7 dxe4
15. dxe4 Rc8 16. Bb5+ Kf7 17. Ba5 b6 18. Bb4 Bxb4 19. cxb4 Ne7 20. O-O f5 21. f3
Rc2 22. Rac1 Rhc8 23. Bd7 R8c7 24. e5 Rxc1 25. Bb5 R1c2 26. Nc4 Nd5 27. h4 h5
28. Rf2 f4 29. Rxc2 Bxc2 30. g4 Nc3 31. Nd6+ Ke7 32. g5 Nxa2 33. g6 Bxg6 0-1

[Event "Challenge"]
[Site "http://www.queenalice.com/game.php?id=356304"]
[Date "2008.2.18"]
[Round "-"]
[White "Tlaloc2k"]
[Black "valerie973"]
[Result "1-0"]
[WhiteElo "1481"]
[BlackElo "1584"]

1. e4 d5 2. e5 f6 3. exf6 Nxf6 4. d4 Bf5 5. g4 Nxg4 6. f3 Nf6 7. Nc3 Nc6 8. a3
e5 9. dxe5 Nxe5 10. Bg2 d4 11. Ne4 Nxe4 12. fxe4 Qh4+ 13. Kf1 Bxe4 14. Bxe4 Qxe4
15. Qe2 Qxh1 16. Qxe5+ Be7 17. Bg5 Rf8+ 18. Bf4 O-O-O 19. Qxc7# 1-0

[Event "£"]
[Site "http://www.queenalice.com/game.php?id=356626"]
[Date "2008.2.18"]
[Round "-"]
[White "Railton"]
[Black "valerie973"]
[Result "1-0"]
[WhiteElo "1796"]
[BlackElo "1592"]

1. a3 e6 2. b3 d5 3. Bb2 Bd6 4. Bxg7 f6 5. Bxh8 Be5 6. d4 Bf4 7. e3 Bh6 8. Qh5+
Kd7 9. Qf7+ Kd6 10. Nc3 Bd7 11. Nb5+ Bxb5 12. Bxb5 Nd7 13. c4 b6 14. cxd5 Kxd5
15. Bc4+ Ke4 16. Qxe6+ Ne5 17. dxe5 Qe8 18. Qd5+ Kf5 19. exf6+ Kg6 20. f7 1-0

[Event "Challenge"]
[Site "http://www.queenalice.com/game.php?id=357508"]
[Date "2008.2.20"]
[Round "-"]
[White "valerie973"]
[Black "GribicheLeTroll"]
[Result "0-1"]
[WhiteElo "1568"]
[BlackElo "2206"]

1. e3 d5 2. d4 Nc6 3. Bb5 Qd6 4. Nc3 a6 5. Bxc6+ Qxc6 6. Bd2 Nf6 7. Nf3 Bg4 8.
h3 Bh5 9. g4 Bg6 10. Ne5 Qd6 11. a4 e6 12. Qf3 Be7 13. h4 O-O 14. h5 Bxc2 15. g5
Ne4 16. g6 fxg6 17. Nxe4 Bxe4 18. Qg3 Bxh1 19. O-O-O Rf3 20. Nxf3 Qxg3 21. fxg3
Bxf3 22. Rg1 gxh5 23. Re1 g5 0-1

[Event "Challenge"]
[Site "http://www.queenalice.com/game.php?id=361311"]
[Date "2008.2.26"]
[Round "-"]
[White "davidlemarseillais91"]
[Black "valerie973"]
[Result "0-1"]
[WhiteElo "1002"]
[BlackElo "1566"]

1. Nf3 d5 2. d4 Nc6 3. e3 Bg4 4. Be2 Nf6 5. O-O Ne4 6. Nbd2 e6 7. c3 h5 8. h3
Bd6 9. Nxe4 Bxf3 10. Bxf3 dxe4 11. Bxh5 Qh4 12. Qg4 Qxh5 13. Qxg7 O-O-O 14. Bd2
Rdg8 15. Qf6 Rxg2+ 16. Kxg2 Qxh3+ 0-1

[Event "Challenge"]
[Site "http://www.queenalice.com/game.php?id=361814"]
[Date "2008.2.27"]
[Round "-"]
[White "patrick"]
[Black "valerie973"]
[Result "0-1"]
[WhiteElo "1475"]
[BlackElo "1545"]

1. e4 d5 2. Nc3 dxe4 3. Nxe4 e5 4. a4 Bf5 5. d3 Bxe4 6. f3 Bc6 7. f4 Qf6 8. Qg4
exf4 9. Bxf4 Bb4+ 10. c3 Bxc3+ 11. Kd1 Bd7 12. Qe2+ Ne7 13. bxc3 Qxf4 14. g3 Qf6
15. h4 Qxc3 16. Bh3 Qxa1+ 17. Kd2 Bxh3 18. g4 Bg2 19. Qxg2 Qb2+ 20. Ke3 Qxg2 21.
Rh3 Qxg1+ 22. Kf3 Nbc6 23. Rg3 Ne5+ 24. Kf4 N7g6+ 25. Kf5 Qxg3 26. Ke4 Qxd3# 0-1

[Event "Challenge"]
[Site "http://www.queenalice.com/game.php?id=362302"]
[Date "2008.2.28"]
[Round "-"]
[White "GustavoSiqueira"]
[Black "valerie973"]
[Result "0-1"]
[WhiteElo "1451"]
[BlackElo "1558"]

1. e4 d5 2. Nc3 Nf6 3. e5 Ng4 4. d4 Bf5 5. h3 Nh6 6. g4 Bc8 7. Bg2 e6 8. h4 f6
9. g5 Nf5 10. gxf6 h5 11. Bg5 Qd7 12. Nf3 Nc6 13. Bh3 b6 14. Bf4 Ba6 15. Ng5
O-O-O 16. a3 Ncxd4 17. Rg1 Bc5 18. b4 Nxh4 19. Bg3 Ndf3+ 20. Nxf3 Nxf3+ 21. Qxf3
Bd4 22. Rd1 Bxc3+ 23. Qxc3 d4 24. Qb3 Rhe8 25. a4 Bb7 26. Qc4 Kb8 27. b5 Bf3 28.
Rd3 Bd5 29. Qb4 Be4 30. Ra3 Bxc2 31. a5 d3 32. Kf1 d2 33. Ra1 d1=Q+ 34. Rxd1
Bxd1 35. Kg2 Qd5+ 36. Kh2 Bf3 37. fxg7 Rd7 38. Qb1 Rxg7 39. Bh4 Reg8 40. Rg3
Qxe5 41. Qg1 Bg4 42. Bxg4 Rxg4 43. Be7 h4 44. Kh1 hxg3 45. fxg3 Rh8+ 46. Kg2
Rxg3+ 47. Kf1 Rxg1+ 48. Kxg1 Qa1+ 49. Kf2 Qxa5 50. Kg1 Qe1+ 51. Kg2 Rg8+ 52. Bg5
Rxg5+ 53. Kf3 Rh5 54. Kg4 Rxb5 55. Kf3 Qh4 56. Ke2 Rb3 57. Kd2 Qh2+ 58. Kc1 Rg3
59. Kb1 Rg1# 0-1

[Event "Challenge"]
[Site "http://www.queenalice.com/game.php?id=372598"]
[Date "2008.3.17"]
[Round "-"]
[White "Tlaloc2k"]
[Black "valerie973"]
[Result "1-0"]
[WhiteElo "1496"]
[BlackElo "1570"]

1. e4 d5 2. Bd3 e5 3. Qf3 Nf6 4. Nc3 Bg4 5. Qg3 Bd6 6. h3 Nh5 7. Qxg4 g6 8. Nxd5
Nd7 9. Bc4 Ndf6 10. Qf3 c6 11. Nxf6+ Nxf6 12. d3 O-O 13. Bg5 Qa5+ 14. c3 Bc5 15.
Qxf6 Rad8 16. Nf3 Bd4 17. Nxd4 exd4 18. Bh6 dxc3 19. Qg7# 1-0

[Event "Challenge"]
[Site "http://www.queenalice.com/game.php?id=372599"]
[Date "2008.3.17"]
[Round "-"]
[White "valerie973"]
[Black "Tlaloc2k"]
[Result "1-0"]
[WhiteElo "1551"]
[BlackElo "1515"]

1. d3 e5 2. e4 Nc6 3. f4 Bc5 4. Nf3 h6 5. h4 d6 6. h5 b5 7. f5 f6 8. Nh4 Nge7 9.
Qg4 Nd4 10. Kd1 Bd7 11. Qxg7 Rg8 12. Qxh6 d5 13. Ng6 c6 14. Qh7 Bc8 15. h6 Kd7
16. Qf7 Bb7 17. h7 Qe8 18. Nxe7 Qxe7 19. Qxg8 Rxg8 20. hxg8=Q Bd6 21. Rh7 c5 22.
Rxe7+ Bxe7 23. Nc3 c4 24. dxc4 b4 25. Nxd5 Ba6 26. Nxe7 1-0

[Event "Challenge"]
[Site "http://www.queenalice.com/game.php?id=452182"]
[Date "2008.8.22"]
[Round "-"]
[White "Tlaloc2k"]
[Black "valerie973"]
[Result "0-1"]
[WhiteElo "1650"]
[BlackElo "1545"]

1. e4 d5 2. e5 f6 3. d4 Nc6 4. Bf4 h5 5. Nf3 g5 6. Be3 Bg4 7. Nc3 e6 8. Bb5 Ne7
9. O-O a6 10. Bxc6+ Nxc6 11. Qd2 Bxf3 12. gxf3 fxe5 13. Bxg5 Rg8 14. h4 Bh6 15.
Qe3 Nxd4 16. Qxe5 Bxg5 17. Qxd4 Be3+ 18. Kh2 Bxd4 19. Ne2 Qxh4# 0-1

[Event "Challenge"]
[Site "http://www.queenalice.com/game.php?id=459371"]
[Date "2008.9.6"]
[Round "-"]
[White "Popeye"]
[Black "valerie973"]
[Result "0-1"]
[WhiteElo "1100"]
[BlackElo "1565"]

1. d4 Nf6 2. Bg5 d5 3. Bxf6 exf6 4. Nc3 Bb4 5. Qd2 Bxc3 6. Qxc3 Nc6 7. e3 Qe7 8.
Bb5 Bd7 9. h3 f5 10. f4 O-O-O 11. Nf3 h6 12. O-O g5 13. Ne5 Nxe5 14. Bxd7+ Nxd7
15. Rfe1 Nb6 16. b3 gxf4 17. exf4 Qh4 18. Re3 Qxf4 19. Rf3 Qg5 20. Qe3 Qxe3+ 21.
Rxe3 Rde8 22. Rxe8+ Rxe8 23. Kf2 Nd7 24. Re1 Re4 25. c3 c5 26. dxc5 Rxe1 27.
Kxe1 Nxc5 28. Kd2 b5 29. Ke3 Kd7 30. c4 bxc4 31. Kd4 cxb3 32. axb3 Nxb3+ 33.
Kxd5 Ke7 34. Ke5 a5 35. Kd5 f4 36. Kc4 Nd2+ 37. Kb5 Nf1 38. Kxa5 Ke6 39. Kb4 Ke5
40. Kc3 Ke4 41. Kc2 Ke3 42. Kd1 Kf2 0-1

[Event "Challenge"]
[Site "http://www.queenalice.com/game.php?id=493060"]
[Date "2008.11.14"]
[Round "-"]
[White "patlang"]
[Black "valerie973"]
[Result "1-0"]
[WhiteElo "1827"]
[BlackElo "1571"]

1. e4 d5 2. exd5 Qxd5 3. Nc3 Qd8 4. Bc4 Nf6 5. Nf3 Bg4 6. h3 Bxf3 7. Qxf3 Nc6 8.
O-O e6 9. Bb5 Qd7 10. Bxc6 bxc6 11. Ne4 Nxe4 12. Qxe4 Qd5 13. d3 Bc5 14. a3 O-O
15. Re1 Rfe8 16. Bd2 a5 17. Bc3 h5 18. Qe5 f6 19. Qg3 Bd4 20. Bxd4 Qxd4 21. c3
Qd6 22. Qg6 Rab8 23. Re3 h4 24. Rb1 Re7 25. Rf3 f5 26. Qg5 Rb3 27. Qxh4 Rf7 28.
Qa4 Qd5 29. c4 1-0

[Event "Challenge"]
[Site "http://www.queenalice.com/game.php?id=493855"]
[Date "2008.11.15"]
[Round "-"]
[White "patrick"]
[Black "valerie973"]
[Result "0-1"]
[WhiteElo "1554"]
[BlackElo "1571"]

1. e4 d5 2. Nc3 dxe4 3. Nxe4 e5 4. Qf3 f5 5. Ng3 Nf6 6. N1e2 e4 7. Qf4 Nc6 8.
Nxf5 Bxf5 9. Qxf5 Be7 10. Nf4 g6 11. Qe6 Nd4 12. Qe5 Nxc2+ 13. Ke2 Nxa1 14. Ne6
Rc8 15. Ng7+ Kf7 16. Ne6 Qd5 17. Ng5+ Kg8 18. Qe6+ Qxe6 19. Nxe6 Nd5 20. Ke1 Re8
21. Bc4 Nc2+ 22. Ke2 Ncb4 23. a3 Kf7 24. Ng5+ Bxg5 25. h4 Bf6 26. axb4 Re5 27.
d4 Rh5 28. g4 Rxh4 29. Bxd5+ Kg7 30. g5 Rxh1 31. f3 Rxc1 32. fxe4 Bxd4 33. Kd3
Bxb2 34. Kd2 Rd8 35. e5 Rxd5+ 36. Ke3 Rxe5+ 37. Kd2 Rxg5 38. b5 Rxb5 39. Ke2 Rd5
40. Ke3 Re1+ 41. Kf2 Bc3 42. Kf3 Rf5+ 43. Kg2 Ref1 0-1

[Event "Challenge"]
[Site "http://www.queenalice.com/game.php?id=633824"]
[Date "2009.8.10"]
[Round "-"]
[White "valerie973"]
[Black "patrick"]
[Result "1-0"]
[WhiteElo "1586"]
[BlackElo "1487"]

1. d3 e5 2. e4 Qf6 3. Nf3 Nh6 4. Bg5 Qb6 5. b3 Ng4 6. Qd2 Bb4 7. c3 Bc5 8. d4
exd4 9. cxd4 Bb4 10. Nc3 Qc6 11. Rc1 O-O 12. Bd3 h6 13. h3 Nf6 14. Ne5 Qb6 15.
Be3 c5 16. Nc4 Qa6 17. d5 Re8 18. O-O g5 19. f4 Nh5 20. fxg5 hxg5 21. Qf2 b5 22.
Qxf7+ Kh8 23. Qxe8+ Kh7 24. Rf7+ Ng7 25. e5+ Kh6 26. Qh8# 1-0

[Event "Challenge"]
[Site "http://www.queenalice.com/game.php?id=634854"]
[Date "2009.8.12"]
[Round "-"]
[White "Tlaloc2k"]
[Black "valerie973"]
[Result "1-0"]
[WhiteElo "1577"]
[BlackElo "1594"]

1. d4 d5 2. Nf3 Nc6 3. h3 Nf6 4. Nc3 g6 5. Bg5 Bf5 6. Bxf6 exf6 7. Nxd5 Nb4 8.
Nxb4 Bxb4+ 9. c3 Be7 10. e3 Qd7 11. Be2 Be4 12. O-O h5 13. Nd2 Bc6 14. e4 f5 15.
exf5 Qxf5 16. Nf3 O-O-O 17. Ne5 Bd5 18. g4 Qg5 19. Bf3 Bxf3 20. Qxf3 Qf6 21.
Qxf6 Bxf6 22. Nxf7 hxg4 23. Nxh8 Rxh8 24. hxg4 Rh4 25. f3 Bg5 26. Kg2 Bf4 27.
Rh1 1-0

[Event "Challenge"]
[Site "http://www.queenalice.com/game.php?id=639226"]
[Date "2009.8.20"]
[Round "-"]
[White "patrick"]
[Black "valerie973"]
[Result "1-0"]
[WhiteElo "1467"]
[BlackElo "1577"]

1. e4 d5 2. Nc3 dxe4 3. Bc4 Nf6 4. Nge2 e5 5. b3 Bb4 6. Nb1 Be6 7. Bb5+ c6 8. c3
Be7 9. Ba4 Nbd7 10. Ng3 Nc5 11. d4 Nd3+ 12. Kf1 exd4 13. h4 b5 14. Nd2 bxa4 15.
bxa4 Bc4 16. Nxc4 dxc3 17. Nf5 O-O 18. h5 Qd5 19. Nxe7+ Kh8 20. Nxd5 1-0